Name a Subdivision - European Countries - Statistics

General Stats
  • This quiz has been taken 1,499 times
  • The average score is 22 of 44
Answer Stats
Country Subdivisions % Correct
Denmark Midtjylland | Syddanmark | Sjælland | Nordjylland | Greenland
83%
Germany North Rhine-Westphalia | Bavaria | Baden-Württemberg | Lower Saxony | Hesse
83%
Greece Central Macedonia | Thessaly | Western Greece | Crete | Eastern Macedonia and Thrace
79%
Belgium Flanders | Wallonia
79%
Malta Central | Northern | South Eastern | Southern | Gozo
78%
Italy Lombardy | Lazio | Campania | Sicily | Veneto
77%
United Kingdom England | Scotland | Wales | Northern Ireland | Jersey
74%
Spain Andalusia | Catalonia | Valencian Community | Galicia | Castile and León
72%
Bosnia and Herzegovina Federation of Bosnia and Herzegovina | Republika Srpska | Brčko
72%
Croatia Split-Dalmatia | Primorje-Gorski Kotar | Osijek-Baranja | Istria | Zadar
70%
France Île-de-France | Auvergne-Rhône-Alpes | Nouvelle-Aquitaine | Hauts-de-France | Occitanie
69%
Switzerland Zürich | Vaud | Aargau | St. Gallen | Geneva
68%
Austria Lower Austria | Upper Austria | Styria | Tyrol | Carinthia
67%
Ireland Cork | Fingal | Kildare | Dún Laoghaire–Rathdown | Meath
66%
Ukraine Donetsk | Dnipropetrovsk | Kharkiv | Lviv | Odessa
64%
Portugal Porto | Setúbal | Braga | Aveiro | Leiria
64%
Russia Krasnodar | Saint Petersburg | Sverdlovsk | Rostov | Bashkortostan
63%
Bulgaria Plovdiv | Varna | Burgas | Stara Zagora | Blagoevgrad
62%
Belarus Gomel | Brest | Vitebsk | Grodno | Mogilev
55%
Czech Republic Central Bohemian | Moravian-Silesian | South Moravian | Ústí nad Labem | South Bohemian
54%
Netherlands South Holland | North Holland | North Brabant | Gelderland | Utrecht
53%
Monaco* Monte Carlo | La Rousse | La Condamine | Les Révoires (Jardin Exotique) | Fontvieille
51%
Poland Lower Silesian | Kuyavian-Pomeranian | Łódź | Lublin | Lubusz
47%
Finland Uusimaa | Pirkanmaa | Southwest Finland | North Ostrobothnia | Central Finland
47%
Albania Fier | Dürres | Elbasan | Korçë | Shkodër
45%
Romania Iași | Prahova | Cluj | Timiș | Constanța
45%
Lithuania Kaunas | Klaipėda | Šiauliai | Panevėžys | Marijampolė
44%
Moldova Transnistria | Găgăuzia | Cahul | Hîncești | Bălți
41%
Liechtenstein Schaan | Triesen | Balzers | Eschen | Mauren
35%
Estonia Harju | Tartu | Ida-Viru | Pärnu | Lääne-Viru
34%
Sweden Västra Götaland | Skåne | Östergötland | Uppsala | Jönköping
34%
Slovakia Prešov | Košice | Žilina | Nitra | Banská Bystrica
32%
Latvia Daugavpils | Liepāja | Jelgava | Jūrmala | Ventspils
31%
Luxembourg Esch-sur-Alzette | Capellen | Diekirch | Mersch | Grevenmacher
27%
Slovenia Maribor | Kranj | Koper | Celje | Novo Mesto
27%
Montenegro* Nikšić | Bar | Bijelo Polje | Berane (+ Petnjica) | Herceg Novi
27%
Andorra Escaldes-Engordany | Encamp | La Massana | Sant Julià de Lòria | Ordino
26%
Kosovo Prizren | Mitrovica | Gjakova | Ferizaj | Peja
25%
Norway Viken | Vestland | Rogaland | Trøndelag | Vestfold og Telemark
22%
San Marino Serravalle | Borgo Maggiore | Domagnano | Fiorentino | Acquaviva
21%
Hungary Borsod-Abaúj-Zemplén | Szabolcs-Szatmár-Bereg | Hajdú-Bihar | Bács-Kiskun | Győr-Moson-Sopron
19%
Iceland Kópavogur | Hafnarfjörður | Akureyri | Reykjanesbær | Garðabær
19%
North Macedonia Kumanovo | Tetovo | Bitola | Gostivar | Gazi Baba
15%
Serbia South Bačka | Nišava | Raška | Srem | Šumadija
6%
No matching quizzes found
Score Distribution
Percent of People with Each Score
Percentile by Number Answered
Your Score History
You have not taken this quiz